| 000 | 01026naa a22002897a 4500 | ||
|---|---|---|---|
| 001 | BR9401656 | ||
| 003 | BR-BrBNA | ||
| 005 | 20240918180955.0 | ||
| 007 | ta | ||
| 008 | 230509b bl.||||| |||| 00| 0 por d | ||
| 040 |
_aBR-BrBNA _bpor _cBiblioteca Nacional de Agricultura |
||
| 041 | _a(Pt) | ||
| 072 | _aT01; E50 | ||
| 090 | _aT01 BR9401656 | ||
| 100 | 1 | _aCabral, M. | |
| 111 | 1 |
_a1. Congresso Brasileiro de Saude e Meio Ambiente _cRio de Janeiro, RJ (Brazil) _d5-9 Nov 1991 |
|
| 245 | 1 | _aPolitica Nacional do Meio Ambiente | |
| 260 | 3 |
_aRio de Janeiro, RJ (Brasil): _c1991. |
|
| 500 | _a1. Congresso Brasileiro de Saude e Meio Ambiente Rio de Janeiro, RJ (Brasil): 1991. p. 8-14 (BR9401656-AM)T01 | ||
| 650 | _aPolitica Governamental | ||
| 650 | _aMeio Ambiente | ||
| 650 | _aDegradacao | ||
| 650 | _aSaneamento Rural | ||
| 773 | 0 |
_t1. Congresso Brasileiro de Saude e Meio Ambiente _wT01 BR9401656 _gRio de Janeiro, RJ (Brasil), 1991. p. 8-14 |
|
| 909 |
_a202404 _bLucia _c55 _dLucia Elande |
||
| 942 |
_cAM _2AGRIS |
||
| 999 |
_c322950 _d322950 |
||